Important Dates to Remember Tudors - Statistics

General Stats
  • This quiz has been taken 116 times
  • The average score is 22 of 30
Answer Stats
Event Answer % Correct
Battle of Bosworth 1485
99%
Treaty of Medina del Campo 1489
87%
yorkshire rebellion 1489
87%
The Battle of Stoke 1487
86%
Creation of Star chamber 1487
86%
Treaty of Etaples 1492
85%
warbeck welcomed to Scotland by James 4 1495
84%
poynings law 1495
84%
Act of Resumption 1486
81%
simnel crowned king of england in ireland 1486
81%
Cornish rebellion 1497
81%
truce of Ayton 1497
81%
Warbeck Execution 1499
81%
England joins Holy League 1496
78%
Intercursus Magnus 1496
78%
dissolution of the monastries under Henry 8 1536
77%
Intercursus Malus 1506
75%
treaty of Windsor 1506
75%
H8 first invasion of France 1512
72%
Treaty of London 1518
72%
Field of the cloth of gold 1520
72%
the Amicable Grant 1525
72%
Battle of flodden 1513
71%
Eltham Ordinances 1526
68%
Act of Annates 1532
66%
Valor ecclesiasticus created 1535
65%
Charles 5 becomes King of Spain 1516
59%
Enclosure commission launched 1517
57%
Pope issues bull against England 1538
52%
Navigation acts 1485 1486
4%
No matching quizzes found
Score Distribution
Percent of People with Each Score
Percentile by Number Answered
Your Score History
You have not taken this quiz